Statistics for First Lines of Songs #8

Click here to take the quiz!

General Stats

  • This quiz has been taken 126 times
    (111 since last reset)
  • The average score is 10 of 30

Answer Stats

Answer % Correct
I will survive
95%
I want it that way
73%
Backstreet Boys
73%
Bee Gees
72%
Stayin' Alive
70%
Gloria Gaynor
63%
Wrecking Ball
53%
Miley Cyrus
52%
Taylor Swift
51%
Shake it off
50%
Get lucky
43%
Daft Punk
43%
Sex Pistols
33%
Anarchy in the U.K.
28%
Gorillaz
27%
Red Hot Chili Peppers
24%
ZZ Top
21%
Sharp-dressed man
21%
Feel Good Inc.
20%
Give it away
20%
Prince
19%
1999
15%
Ayo technology
10%
50 Cent
9%
Where is my mind?
6%
I believe I can fly
6%
Nirvana
6%
Heart-shaped box
6%
R. Kelly
6%
The Pixies
6%

Score Distribution

Percentile by Number Answered

Percent of People with Each Score

Your Score History

You have not taken this quiz since the last reset